| 000 | 01301nam a22003017a 4500 | ||
|---|---|---|---|
| 008 | 130821s2009 ck a gr spa | ||
| 020 | _a9789589914205 | ||
| 040 |
_aCo-BoUCM _bspa |
||
| 041 | 0 | 0 | _aspa |
| 245 | 0 | 0 |
_aMayorías sin democracia desequilibrio de poderes y Estado de derecho en Colombia, 2002-2009 _cMauricio García Villegas, Javier Eduardo Revelo Rebolledo, codirectores |
| 260 |
_aBogotá (Colombia) _bCentro de Estudios de Derecho, Justicia y Sociedad, Dejusticia _c2009 |
||
| 300 |
_a409 páginas _bilustraciones, cuadros, tablas |
||
| 490 | 0 | _aColección dejusticia | |
| 650 | 0 | 4 |
_aCiencia política _9340 |
| 650 | 0 | 4 |
_aConcentración del poder _zColombia _911439 |
| 650 | 0 | 4 |
_aDemocracia _zColombia _927430 |
| 650 | 0 | 4 |
_aElecciones _zColombia _927482 |
| 650 | 0 | 4 |
_aEstado de derecho _zColombia _944372 |
| 650 | 0 | 4 |
_aPoder (Ciencias sociales) _zColombia _9101539 |
| 650 | 0 | 4 |
_aPoder político _zColombia _921764 |
| 650 | 0 | 4 |
_aReeleccion presidencial _zColombia _940374 |
| 650 | 0 | 4 |
_aSistemas de gobierno _924619 |
| 651 | 4 |
_aColombia _xPolítica y gobierno _926608 |
|
| 700 | 1 |
_aGarcía Villegas, Mauricio _d1959- _edir. _939311 |
|
| 700 | 1 |
_aRevelo Rebolledo, Javier Eduardo _edir. _966512 |
|
| 942 |
_cLIBRO _a6 _e1 _mM473m _2DEWEY _h320.011 |
||
| 999 |
_c69132 _d69132 |
||